00973nam a2200241Ia 4500001000600000003000900006008004100015040001300056040001300069041001300082100001800095100002900113245003600142245006900178250001100247260000900258260002500267260004900292300005900341500026600400650003400666650003100700F6001IT-RoPAU130308s9999 xx 000 0 und d aIT-RoPAU cIT-RoPAU aITALIANO aBassi Assunta gCodice Aut. SPICS: 25814 aFormazione apostolica-pastorale bAtti del Convegno delle Maestre di Formazione (8-17 Luglio 1967) a1a ed. aROMA bEdizioni Paoline Fsp c1967 [1° Ed.:1967 - Ed.Ling.Originale:1967] a"41 p. (prefazione: no ; testo: 41 [pagine: 239-279])" aEducazione e Formazione. Formazione Apostolica. Fine della Formazione Apostolica. mezzi per la Formazione Apostolica. Metodo per la Formazione Apostolica. insegnamento del Primo Maestro. sintesi delle relazioni dei Gruppi. Puntualizzazioni in Sessione Plenaria. aAUTORI/OPERE FAMIGLIA PAOLINA eCodice materia Spics: 9903